Business and society : a reader in the history, sociology, and ethics of business
Αποθηκεύτηκε σε:
| Άλλοι συγγραφείς: | |
|---|---|
| Μορφή: | Βιβλίο |
| Γλώσσα: | English |
| Δημοσίευση: |
Oxford :
Oxford University Press,
1996
|
| Θέματα: | |
| Ετικέτες: |
Προσθήκη ετικέτας
Δεν υπάρχουν, Καταχωρήστε ετικέτα πρώτοι!
|
MARC
| LEADER | 00000nam a2200000 i 4500 | ||
|---|---|---|---|
| 001 | 1/24821 | ||
| 008 | 981202s1996 eng d | ||
| 020 | |a 0-19-509566-9 | ||
| 035 | |l 10037182 | ||
| 040 | |a GR-MY-UA |b gre |e aacr | ||
| 041 | 0 | |a eng | |
| 082 | 0 | |a 658.408 | |
| 245 | 1 | 0 | |a Business and society : |b a reader in the history, sociology, and ethics of business / |c Edited by Barry Castro |
| 260 | |a Oxford : |b Oxford University Press, |c 1996 | ||
| 300 | |a 274 p. | ||
| 504 | |a Includes bibliographical references and index | ||
| 650 | 0 | 0 | |a Social responsibility of business. |
| 650 | 0 | 0 | |a Industries |x Social aspects. |
| 650 | 0 | 0 | |a Business ethics. |
| 650 | 0 | 0 | |a Industrial sociology. |
| 650 | 0 | 0 | |a Industrial relations. |
| 700 | 1 | |a Castro, Barry. |4 edt | |
| 852 | |a INST |b LESVOS |e 19981202 |h 658.408 BUS |p 005100017302 |q 005100017302 |t BK |y 0 | ||
| 901 | |a BIBL-1999-1 | ||
| 909 | |a Λ |b 060920 | ||
| 922 | |a 1ΕΛΗ |b 199811 |c ΚΠΣ/ΤΚ |d ΠΑΠΑΣΩΤΗΡΙΟΥ | ||
| 950 | |a 103-1998-07-27 | ||